Las ideas políticas en Chile

Na minha lista:
Detalhes bibliográficos
Autor principal: Donoso, Ricardo (Author)
Formato: Livro
Idioma:espanhol
Publicado em: Santiago, Chile Facultad de Filosofía y Educación 1967
Edição:Segunda edición
Assuntos:
Tags: Adicionar Tag
Sem tags, seja o primeiro a adicionar uma tag!

MARC

LEADER 00000nam a2200000 a 4500
001 UCP2039
003 CL-VaPUC
005 20210617001413.0
008 990430e19670000CL |||||||||||||||||spa|d
999 |c 280650  |d 280648 
040 |c Pontificia Universidad Católica de Valparaíso 
082 0 4 |a 320.83 DON 1967  |2 21 
100 0 |a Donoso, Ricardo  |e author  |9 428456 
245 1 4 |a Las ideas políticas en Chile 
250 |a Segunda edición 
260 |a Santiago, Chile  |b Facultad de Filosofía y Educación  |c 1967 
300 |a 380 páginas 
583 |a last modification  |c 19990430 00:00:00  |k Rodrigo Vera 
650 0 |a Política y gobierno  |z CHILE  |9 255151 
650 0 |a Historia  |9 255047 
650 7 |a SISTEMAS POLITICOS  |2 CL-VaPUC  |9 428457  |z CHILE 
650 7 |a SISTEMA ELECTORAL  |2 CL-VaPUC  |9 403566  |z CHILE 
852 |a BIBCUR 
942 |c BK  |2 ddc 
945 |d 19990430 00:00:00  |a lriquelm 
952 |0 0  |1 0  |2 ddc  |4 0  |6 320_830000000000000_DON_1967  |7 0  |8 A  |9 321081  |a BIBHIS  |b BIBHIS  |d 2019-11-20  |i 1339893  |o 320.83 DON 1967  |p 1339893  |r 2025-01-20  |t 1  |w 2019-11-20  |y BK  |k HIS